000 00351 a2200157 4500
001 195420
020 _a978-85-8654-037-x
040 _cMagnum
100 _aLoude, Jean-Yves
240 1 0 _aO fantasma do Tarrafal
_lpor
245 1 0 _aO fantasma do Tarrafal
300 _a48
362 0 _a2012
697 _aLITERATURA INFANTO-JUVENIL
942 _cBK
999 _c195420
_d195420